[Event "Morbihan-ch 1011"]
[Site "Morbihan"]
[Date "2010.11.06"]
[Round "2.4"]
[White "Purenne, Benoit"]
[Black "Bremond, Edouard"]
[Result "1-0"]
[WhiteElo "1934"]
[BlackElo "1683"]
[PlyCount "49"]
[EventDate "2010.10.09"]
[EventType "swiss"]
[EventRounds "7"]
[EventCountry "FRA"]
[SourceTitle "EXT 2014"]
[Source "ChessBase"]
[SourceDate "2013.11.20"]
[SourceVersion "1"]
[SourceVersionDate "2013.11.20"]
[SourceQuality "1"]

1. d4 d5 2. e4 e6 3. Nc3 Nf6 4. Bg5 Be7 5. e5 Nfd7 6. h4 c5 7. Nb5 Qa5+ 8. Qd2 Qxd2+ 9. Kxd2 Na6 10. c3 Bxg5+ 11. hxg5 cxd4 12. cxd4 Ke7 13. g6 fxg6 14. Rc1 h5 15. Bd3 g5 16. Nh3 g4 17. Nf4 Nf8 18. Nxh5 Rg8 19. Nd6 Kd8 20. Nxg7 Rxg7 21. Rh8 Ke7 22. Nxc8+ Ke8 23. Nd6+ Ke7 24. Bxa6 bxa6 25. Rc7+ 1-0

[Event "Angers op 2nd"]
[Site "Angers"]
[Date "2007.04.13"]
[Round "1.35"]
[White "Guichard, Claude"]
[Black "Bremond, Edouard"]
[Result "0-1"]
[WhiteElo "1300"]
[BlackElo "1650"]
[PlyCount "68"]
[EventDate "2007.04.13"]
[EventType "swiss"]
[EventRounds "6"]
[EventCountry "FRA"]
[SourceTitle "CBM 117 Extra"]
[Source "ChessBase"]
[SourceDate "2007.05.09"]
[SourceVersion "1"]
[SourceVersionDate "2007.05.09"]
[SourceQuality "1"]

1. e4 e6 2. Nf3 d5 3. exd5 exd5 4. d4 Nf6 5. Nc3 c6 6. Be3 Bb4 7. Bd2 0-0 8. Be2 Re8 9. 0-0 Bf5 10. a3 Bd6 11. Re1 Nbd7 12. Bf1 Qc7 13. g3 Rxe1 14. Bxe1 Re8 15. Bd3 Bg4 16. Be2 Ne4 17. Nxe4 Rxe4 18. c3 Nf6 19. Kg2 Qe7 20. Ng1 Bxe2 21. Nxe2 Rxe2 22. Kf1 Rxb2 23. Bd2 Ne4 24. Be1 Qf6 25. f3 Ng5 26. f4 Ne4 27. Qg4 Qe6 28. f5 Qf6 29. h4 Rc2 30. Qf3 Bxg3 31. Bxg3 Nd2+ 32. Ke1 Nxf3+ 33. Kd1 Rg2 34. Bc7 Qxh4 0-1

[Event "Rohde op 06th"]
[Site "Sautron"]
[Date "2006.11.03"]
[Round "8"]
[White "Audoubert, Jean"]
[Black "Bremond, Edouard"]
[Result "1/2-1/2"]
[WhiteElo "1902"]
[BlackElo "1590"]
[PlyCount "80"]
[EventDate "2006.10.28"]
[EventType "swiss"]
[EventRounds "9"]
[EventCountry "FRA"]
[SourceTitle "EXT 2007"]
[Source "ChessBase"]
[SourceDate "2006.11.23"]
[SourceVersion "1"]
[SourceVersionDate "2006.11.23"]
[SourceQuality "1"]

1. Nf3 c5 2. g3 d6 3. Bg2 Nf6 4. 0-0 g6 5. d3 Bg7 6. c4 Nc6 7. Nc3 Bd7 8. Rb1 0-0 9. a3 b6 10. b4 Ng4 11. Bd2 Rb8 12. Qc1 Nd4 13. h3 Nxf3+ 14. Bxf3 Ne5 15. Bg2 Bc6 16. f4 Bxg2 17. Kxg2 Nc6 18. f5 Nd4 19. fxg6 hxg6 20. Bh6 e6 21. Bxg7 Kxg7 22. e4 Rh8 23. Qf4 Qe7 24. Rf2 Rbf8 25. bxc5 bxc5 26. Rfb2 Qf6 27. Qxf6+ Kxf6 28. Nb5 Nxb5 29. Rxb5 Ke5 30. Rf1 Kd4 31. Rf3 f5 32. exf5 gxf5 33. Rf4+ Kxd3 34. Rb3+ Kc2 35. Re3 Kd2 36. Rff3 e5 37. Rd3+ Kc2 38. a4 f4 39. Ra3 fxg3 40. Rfe3 Kd2 1/2-1/2

[Event "Angers op 1st"]
[Site "Angers"]
[Date "2006.05.08"]
[Round "5"]
[White "Le Dref, Maurice"]
[Black "Bremond, Edouard"]
[Result "1-0"]
[WhiteElo "1770"]
[BlackElo "1600"]
[PlyCount "39"]
[EventDate "2006.05.06"]
[EventType "swiss"]
[EventRounds "6"]
[EventCountry "FRA"]
[SourceTitle "EXT 2007"]
[Source "ChessBase"]
[SourceDate "2006.11.23"]
[SourceVersion "1"]
[SourceVersionDate "2006.11.23"]
[SourceQuality "1"]

1. e4 e5 2. Bc4 Nf6 3. d4 exd4 4. Nf3 Bb4+ 5. Bd2 Bxd2+ 6. Qxd2 0-0 7. e5 Re8 8. 0-0 d5 9. exd6 Qxd6 10. Na3 c5 11. Nb5 Qb6 12. Qf4 Re7 13. Rae1 Be6 14. Bxe6 fxe6 15. Nd6 Qc7 16. Qg3 Nc6 17. Ng5 e5 18. Nf5 Ree8 19. Nf7 Qxf7 20. Nh6+ 1-0

[Event "Angers op 1st"]
[Site "Angers"]
[Date "2006.05.06"]
[Round "1"]
[White "Meunier, Thomas"]
[Black "Bremond, Edouard"]
[Result "0-1"]
[WhiteElo "1199"]
[BlackElo "1600"]
[PlyCount "52"]
[EventDate "2006.05.06"]
[EventType "swiss"]
[EventRounds "6"]
[EventCountry "FRA"]
[SourceTitle "EXT 2007"]
[Source "ChessBase"]
[SourceDate "2006.11.23"]
[SourceVersion "1"]
[SourceVersionDate "2006.11.23"]
[SourceQuality "1"]

1. c4 e5 2. Nf3 Nc6 3. d4 exd4 4. Nxd4 Nf6 5. Nc3 Bb4 6. Nxc6 bxc6 7. Bd2 0-0 8. g3 d5 9. cxd5 cxd5 10. Bg2 c6 11. 0-0 Rb8 12. a3 Bc5 13. Na4 Bd6 14. Rc1 Qd7 15. Be3 Ba6 16. Bxa7 Qxa7 17. Rxc6 Rfd8 18. Nc3 Rxb2 19. Nxd5 Nxd5 20. Qxd5 Be7 21. Qe5 Rxe2 22. Rc7 Rxe5 23. Rxa7 Bxf1 24. Bxf1 Kf8 25. a4 Bc5 26. Ra5 Bxf2+ 0-1